000 01052nam a2200277Ia 4500
003 OSt
005 20221005111353.0
006 a|||||r|||| 00| 0
007 ta
008 221004b |||||||| |||| 00| 0 ben d
020 _a9789350002315 (hbk)
_c200
024 _a11907
037 _b344, 20/03/2014, Vani Prakashan
_cTextual
040 _aCRL
_cCRL
_bben
041 _2ben
_aben
082 _aO157,3N26,RN, 152Q0
100 _aमहाश्वेता देवी
245 0 _aरजिस्टर्ड नं0 1038
246 _aRajisṭarḍa nan0 1038
260 _aनई दिल्ली
_bवाणी प्रकाशन भारत
_c2010
300 _a100पृ0
_ccm.
650 _aहिन्दी साहित्य
700 _a गुप्ता, सुशील, अनु.
942 _hO157,3N26,RN, 152Q0
_cTEXL
_2cc
999 _c1021631
_d1021631